[Event "London Classic 2nd"]
[Site "London"]
[Date "2010.12.14"]
[Round "6"]
[White "Kramnik, Vladimir"]
[Black "Carlsen, Magnus"]
[Result "1/2-1/2"]
[WhiteElo "2791"]
[BlackElo "2802"]
[Annotator "Krasenkow,Michal"]
[PlyCount "171"]
[EventDate "2010.12.06"]
[EventType "tourn"]
[EventRounds "7"]
[EventCountry "ENG"]
[EventCategory "19"]
[SourceTitle "CBM 140"]
[Source "ChessBase"]
[SourceDate "2011.01.18"]
[SourceVersion "1"]
[SourceVersionDate "2011.01.18"]
[SourceQuality "1"]

1. d4 d5 2. c4 Nc6 3. Nf3 Bg4 4. Nc3 e6 5. Bf4 {Quite a harmless continuation.} (5. cxd5 exd5 6. Qb3 $1 {is more aggressive.}) 5... Bd6 (5... Bb4 {is more in the spirit of the Chigorin Defence - see e.g. Graf-Rabiega in CBM 129 (annotations by GM R.Dautov)}) (5... Nf6) (5... Bxf3) (5... dxc4 {have been seen in grandmaster practice, too.}) 6. Bg3 (6. Bxd6 Qxd6 7. cxd5 exd5 8. e3 Nf6 9. Be2 O-O 10. O-O Bxf3 11. Bxf3 Ne7 12. Qc2 c6 13. g3 g6 14. Bg2 h5 15. Na4 b6 16. b3 Rac8 17. Rac1 h4 $132 {1/2 Abramovic,B (2516)-Miladinovic,I (2605)/Herceg Novi 2007/CBM 120 ext (40)}) ({RR} 6. Bxd6 Qxd6 7. e3 Nf6 8. cxd5 exd5 9. Be2 O-O 10. O-O Ne7 11. a3 Nf5 12. b4 c6 13. Ne5 Bxe2 14. Qxe2 Rae8 15. Rfc1 g6 16. Qf3 Kg7 17. Rab1 a6 18. a4 h5 19. h3 Re6 20. Qf4 Nd7 {Tomashevsky,E (2718)-Aravindh,C (2609) Khanty-Mansiysk 2019 ½-½ (58)}) ({RR} 6. Bxd6 Qxd6 7. c5 Qe7 8. e3 Nf6 9. Bb5 O-O 10. h3 Bxf3 11. Qxf3 e5 12. Bxc6 bxc6 13. O-O Rab8 14. dxe5 Nd7 15. Na4 Nxe5 16. Qf5 Rb4 17. Qc2 f5 18. b3 f4 19. exf4 Rbxf4 20. Nb2 Qg5 {Medic,M (2069)-Malada,V (2286) Zagreb CRO 2025 0-1}) 6... Nf6 (6... Bxg3 7. hxg3 Nf6 8. e3 Qe7 9. Qb3 Qb4 10. Qxb4 Nxb4 11. Rc1 Bxf3 12. gxf3 O-O-O 13. c5 e5 14. dxe5 Nd7 15. a3 Nc6 16. Bh3 Ncxe5 17. Ke2 $14 {1/2 Janowski,D-Taubenhaus,J/Paris 1905/HCL (49)}) (6... Nge7 7. e3 a6 8. Rc1 Qd7 9. a3 Rd8 10. Bd3 Bxg3 11. hxg3 e5 12. cxd5 Nxd5 13. Be4 Nf6 14. Bxc6 Qxc6 15. Ne2 Qe4 16. Nxe5 Qxg2 17. Rf1 Bxe2 18. Qxe2 c6 19. Qf3 Qxf3 20. Nxf3 Ke7 {1/2 Baumbach,F (2315)-Marszalek,R (2310)/Warsaw 1988/EXT 1997}) (6... Bxf3 7. gxf3 dxc4 8. e3 Nge7 9. Bxc4 O-O 10. Qc2 Nb4 11. Qb3 Nec6 12. Be2 Qd7 13. Rc1 Na5 14. Qd1 f5 15. Bxd6 Qxd6 16. a3 Nd5 17. Nxd5 exd5 18. Qc2 Qe6 $11 {1/2 Ftacnik,L (2559)-Markos,J (2571)/Prievidza 2009/CBM 130 (33)}) 7. e3 O-O 8. a3 $146 (8. cxd5 Nxd5 $5 (8... exd5 9. Bh4 Be7 10. h3 Bxf3 11. Qxf3 $14 Ne4 $2 12. Bxe7 Qxe7 13. Nxd5 Qd6 14. Bd3 f5 15. Nc3 $16 {1-0 Sokolov,I (2663)-Mann,C (2455)/Germany 2005/CBM 107 (23)}) 9. Be2 Nce7 10. O-O Nxc3 11. bxc3 c5 12. Qa4 Nd5 13. Rac1 Bxg3 14. hxg3 Qc7 15. Bd3 Bxf3 16. gxf3 Nxe3 17. fxe3 Qxg3+ 18. Kh1 Qh3+ {1/2 Shchekachev,A (2539)-Bosiocic,M (2571)/Sibenik 2009/EXT 2010}) ({RR} 8. cxd5 Nxd5 9. Be2 Nce7 10. O-O Nxc3 11. bxc3 c5 12. Qa4 Nd5 13. Rac1 Bxg3 14. hxg3 Qc7 15. Bd3 Bxf3 16. gxf3 Nxe3 17. fxe3 Qxg3+ 18. Kh1 Qh3+ {½-½ (18) Shchekachev,A (2539)-Bosiocic,M (2571) Sibenik 2009}) ({RR} 8. cxd5 exd5 9. Be2 Re8 10. Bh4 Be7 11. O-O Ne4 12. Bxe7 Nxe7 13. Ne5 Bf5 14. Rc1 c6 15. Bh5 g6 16. Be2 Kg7 17. g4 Be6 18. f4 f6 19. Nd3 Qd6 20. Qe1 h6 21. Nxe4 dxe4 22. Nc5 b6 {Huber,H (1704)-Spanton,T (1912) Rottach Egern 2022 1-0 (36)}) 8... Ne7 $146 {A second-rate novelty.} (8... Ne4 9. Rc1 f5 10. cxd5 Nxc3 11. Rxc3 exd5 12. Qb3 Bxf3 13. Bxd6 Qxd6 14. gxf3 Rae8 15. Kd2 Nd8 16. f4 c6 17. Kc1 Qe7 18. h4 Nf7 {1/2 Legemaat,G (2390)-De Waard,J (2380)/ICCF Email Master Norm 0/ICCF CBM 120}) 9. Qb3 b6 10. Ne5 c5 $5 {White is behind in development (f1, h1) so Black opens up the position, however, rather unsuccessfully.} 11. Nxg4 Nxg4 12. Rd1 $1 Bxg3 13. hxg3 Nf6 14. cxd5 exd5 15. Be2 Qd6 16. Qc2 h6 17. O-O $14 {A position with potential "hanging pawns" on c5 and d5 has arisen. Since two pairs of pieces have been exchanged, it is rather favorable for the opponent, i.e. White.} c4 {And this structure is not so good either as White undermines it at once.} 18. b3 $1 Qxa3 (18... cxb3 19. Qxb3 $14 {[%csl Rd5]}) 19. bxc4 dxc4 $6 (19... Qd6 $142 20. Ra1 $36 {[%cal Yf1b1]}) 20. Bf3 $1 Rab8 21. Ra1 Qd6 22. Nb5 Qd7 23. Qxc4 a5 24. e4 $16 {[%csl Gd4,Ge4] Black's queenside pawns are blocked, and White's central pawns are mobile and strong.} Rfc8 25. Qe2 Rc6 26. Rab1 Rd8 27. Rfd1 Rdc8 28. d5 Rc2 29. Qe3 R2c5 30. Nd4 Re8 (30... b5 $2 31. Nc6) 31. Qd3 Qd6 32. Qa6 Rb8 33. Nb3 Rc2 34. Nd4 Rc5 35. Nb3 Rc2 36. Qd3 $5 {White continues manoeuvring in order to exhaust his opponent.} (36. Nxa5 {was possible, too:} Qc5 37. Rf1 Ra2 {, and now the simplest course is} 38. Nb3 $1 Qxf2+ 39. Rxf2 Rxa6 40. Nd4 $16) 36... Rcc8 37. Nd2 Ng6 38. Be2 $1 {[%cal Yf2f4]} Qc5 39. Rb5 Qc3 40. f4 a4 41. e5 Nd7 42. Qxc3 Rxc3 43. Ne4 {[%csl Gd5,Ge4,Ge5]} Rc7 44. Ra1 Ra7 45. d6 Ngf8 46. Nc3 Nc5 47. Nd5 Ra5 48. Rxb6 Rxb6 49. Nxb6 $18 {[%mdl 4096]} Nfe6 50. Bc4 Kf8 51. f5 Nd8 52. Rf1 Ncb7 53. Re1 a3 54. e6 {Just grabbing a piece, although it is not so easy to convert it.} (54. d7 $6 a2 55. Bxa2 Rxa2 56. e6 Nc6 57. e7+ Nxe7 58. Nc8 Rd2 59. Rxe7 f6 {leads to a curious positional draw}) (54. Ba2 $1 {(A.Korotylev) was the simplest way to get a decisive advantage.}) 54... fxe6 55. fxe6 Nxd6 56. e7+ Ke8 57. exd8=R+ Kxd8 58. Rd1 Kc7 59. Ba2 Rg5 60. Nd5+ Kc6 61. Nc3 Rc5 $5 {A curious psychological decision. Black offers White the chance to further simplify the game. White gladly accepts the offer and then fails to overcome unexpected technical problems!} 62. Rxd6+ ({White should, of course, win after} 62. Rd3 Ra5 63. Kf2 {etc. but why not "shorten the journey"?}) 62... Kxd6 63. Ne4+ Kc6 64. Nxc5 Kxc5 65. Kf2 Kd4 66. Kf3 Kd3 67. g4 Kd2 (67... g5 68. Bf7 Kd4 69. Ke2 Ke4 70. g3 Kd4 71. Kd2 Ke4 72. Kc3 Kf3 73. Bh5 $18) 68. Be6 Kd3 (68... Ke1 $144 69. Bc4 Kd2 70. g5) 69. Kg3 $4 {A strange move, after which, apparently, White can't win anymore!} (69. g5 $1 hxg5 (69... Kd4 70. Kf4 $18) (69... Kd2 70. g6 $18) 70. Kg4 Ke3 71. g3 $1 {indicated by GM A.Khalifman} ({but not} 71. Kxg5 Kf2 72. g4 Kg3 73. Bd5 Kh3 74. Kf5 g6+ $1 {- with his pawn on g4 and Black's on g6 White can't win, e.g.} 75. Kf4 (75. Kg5 Kg3 76. Be6 Kf3 $1) 75... Kh4 76. g5 Kh5 $1 {not allowing the white king to f6}) 71... Ke4 (71... Kf2 72. Bd5 Ke3 73. Kxg5 Kf2 74. Kf4 $1 Ke2 75. g4 $18) 72. Kxg5 Kf3 73. Kh4 $1 {White manages to keep his pawn on g3 and wins, e.g.} Kf2 74. Kg4 Ke3 (74... Kg2 75. Kf4 Kh2 76. g4 Kh3 77. g5+ Kh4 78. Kf5 Kh5 79. Ba2 Kh4 80. Bb3 Kh5 81. Be6 Kh4 82. Kg6 $22 $18) 75. Bf7 Ke4 76. Ba2 Ke3 77. Bb1 $22 g6 (77... Kf2 78. Kf4 {[%cal Yg3g4]} Kg2 79. g4 Kh3 80. g5 Kh4 81. Kf5 Kh5 82. Ba2 Kh4 83. Bb3 Kh5 84. Be6 $18) 78. Ba2 Ke4 79. Bb3 $1 Ke3 80. Bf7 $22 Kf2 (80... Kd4 81. Kf4) 81. Kf4 Kg2 82. Be6 $1 (82. g4 $4 Kh3 $11) 82... Kh2 (82... Kf2 83. g4) 83. Kf3 Kh1 (83... g5 84. Ba2 Kh3 85. Bd5 Kh2 86. Kg4 $18) 84. g4 Kh2 85. g5 $18 {[%cal Yf3f4,Yf4e5,Ye5f6] - the white pawn can only move forward if this king manoeuvre is guaranteed or if the black pawn can't move to g6. It is far from easy to find all this over the board!}) 69... Ke3 70. Kh4 $2 (70. g5 {was the last chance but Black can probably survive in a study-like manner:} Ke4 (70... Ke2 71. Ba2 Kf1 $2 72. g6) (70... hxg5 $2 71. Kg4 {- see the above annotation}) 71. Kg4 Ke3 72. Ba2 $5 (72. Bf7 Ke4 73. Ba2 Ke3 74. Bb1 Kf2 75. g3 Ke3 76. g6 h5+ $1 {doesn't change much}) 72... Ke4 73. g3 (73. Bb1+ Ke3 74. g6 Kf2 $1 75. Kf5 Kxg2 76. Ke6 h5 $11) 73... Ke3 $1 (73... Ke5 74. Bb1 Kd4 75. Kf5 hxg5 76. Kxg5 Ke3 77. Kg4 $1 {etc. - see above}) 74. Bb1 Kf2 $1 75. g6 (75. Kf4 h5 $1 76. Ba2 Kg2 77. Bd5+ Kh3 78. Kf3 Kh2 79. g4 h4 $1 80. Kf2 Kh3 81. Be6 g6 82. Kf3 Kh2 $11) 75... h5+ $1 76. Kxh5 Ke3 $3 77. Kg5 Kd4 78. Kf5 Kd5 $11 {[%cal Yd5d6,Yd6e7,Ye7f8] - Black reaches a well-known theoretical fortress.}) 70... Kf2 71. Bd5 g6 72. Kh3 g5 $1 {This move is now timely. The white king can't come out, and the position is drawn.} 73. Kh2 Kf1 74. Be6 Kf2 75. Bc4 Ke3 76. Kg3 Kd4 77. Be6 Ke3 78. Kh2 Kf2 79. Bc4 Ke3 80. Kg1 Kf4 81. Be6 Ke5 82. Bb3 Kf4 83. Be6 Ke5 84. Bb3 Kf4 85. Be6 Ke5 86. Bb3 1/2-1/2

[Event "Tata Steel-A 73rd"]
[Site "Wijk aan Zee"]
[Date "2011.01.17"]
[Round "3"]
[White "Carlsen, Magnus"]
[Black "Giri, Anish"]
[Result "0-1"]
[WhiteElo "2814"]
[BlackElo "2686"]
[Annotator "Krasenkow,Michal"]
[PlyCount "44"]
[EventDate "2011.01.14"]
[EventType "tourn"]
[EventRounds "13"]
[EventCountry "NED"]
[EventCategory "20"]
[SourceTitle "CBM 141"]
[Source "ChessBase"]
[SourceDate "2011.03.17"]
[SourceVersion "1"]
[SourceVersionDate "2011.03.17"]
[SourceQuality "1"]

1. d4 Nf6 2. c4 g6 3. g3 Bg7 4. Bg2 d5 5. cxd5 Nxd5 6. Nf3 Nb6 7. Nc3 Nc6 8. e3 O-O 9. O-O Re8 10. Re1 a5 11. Qd2 $6 {A very strange move. I still believe that it was a "lapsus manus": Carlsen intended to play the theoretical} (11. Qe2) ({RR} 11. d5 Bxc3 12. bxc3 Qxd5 13. Nd4 Qc5 14. Rb1 Rd8 15. Qb3 a4 16. Qa3 Qxa3 17. Bxa3 Bd7 18. Bc5 Ra6 19. Bf1 Ra5 20. Bxb6 cxb6 21. Rxb6 Rc5 22. Rxb7 Rxc3 23. Nxc6 Bxc6 24. Rc7 Rc2 25. Bg2 Be4 {Gelfand,B (2758)-Grischuk,A (2736) Moscow 2009 ½-½ (35)}) ({RR} 11. Rb1 e5 12. d5 Nb4 13. e4 c6 14. a3 Na6 15. dxc6 bxc6 16. Qc2 Be6 17. Ng5 Bg4 18. h3 Bc8 19. Qb3 Rf8 20. Rd1 Qc7 21. Be3 Rb8 22. Rbc1 Bf6 23. Nb5 Qe7 24. Rxc6 Nd7 25. h4 Nac5 {Khusenkhojaev,M (2366)-Aadithya Pradeep (1644) Chennai IND 2024 1-0 (60)}) 11... e5 $146 ({RR} 11... a4 12. Rb1 e5 13. d5 Nb4 14. e4 f5 15. a3 Na6 16. Rd1 Nc4 17. Qe2 Nd6 18. Bg5 Bf6 19. Bxf6 Qxf6 20. Nd2 Nc5 21. Nb5 Qd8 {½-½ (21) Torday,B (2140)-Horvath,C (2183) Hungary 2014}) ({RR} 11... Be6 12. Rd1 Bc4 13. Qc2 Nb4 14. Qb1 a4 15. a3 N4d5 16. Nd2 Nxc3 17. bxc3 Be2 18. Re1 Ba6 19. Qc2 e5 20. Bb2 Qe7 21. Rac1 Rad8 22. Ne4 Nc4 23. Nc5 exd4 24. cxd4 Nxb2 25. Nxa6 bxa6 26. Qxb2 {Kachar,V (2328)-Raum,S (2112) Pardubice 2011 ½-½ (47)}) 12. d5 Nb4 13. e4 c6 14. a3 cxd5 $1 {Quite an obvious refutation of White's play.} 15. axb4 axb4 16. Rxa8 bxc3 17. bxc3 Nxa8 18. exd5 $6 (18. Qxd5 $142 Nb6 (18... Qxd5 19. exd5 Nb6 20. Nd2 {[%cal Yc3c4]}) 19. Qa5 {although Black, controlling the crucial c4-square, keeps a small edge after} Qf6 20. Bg5 Qc6 {[%csl Gc4]}) 18... Nb6 {[%csl Rd5]} 19. Rd1 $6 (19. d6 Re6 (19... Nc4 $5)) (19. c4 $5 Nxc4 20. Qb4 Nd6 21. Be3 {getting some activity for the missing pawn although Black is obviously better.}) 19... e4 20. Ng5 $4 {[%mdl 8192] Just blundering a piece in a poor position.} (20. Ne1 Bg4 21. f3 e3 22. Qe2 Bd7 23. Bxe3 (23. c4 Nxc4 $1 24. Qxc4 e2 25. Rd2 Qb6+ 26. Kh1 Qf2 $19) 23... Ba4 {[%cal Yb6d5]} 24. Rd2 Bxc3 $19) (20. Nh4 h6 $19 {[%cal Rg6g5]}) ({It was relatively better (but hopeless enough) just to give up the d5-pawn:} 20. Nd4 Qxd5 $19) 20... e3 21. Qb2 Qxg5 22. Bxe3 (22. Qxb6 e2 23. Re1 Qxc1 24. Rxc1 e1=Q+ 25. Rxe1 Rxe1+ 26. Bf1 Bh3 $19) 22... Qg4 (22... Qg4 23. f3 Nc4) 0-1

[Event "Tata Steel-A 73rd"]
[Site "Wijk aan Zee"]
[Date "2011.01.28"]
[Round "11"]
[White "Kramnik, Vladimir"]
[Black "Carlsen, Magnus"]
[Result "0-1"]
[WhiteElo "2784"]
[BlackElo "2814"]
[Annotator "Moradiabadi/Mueller,Kar"]
[PlyCount "170"]
[EventDate "2011.01.14"]
[EventType "tourn"]
[EventRounds "13"]
[EventCountry "NED"]
[EventCategory "20"]
[SourceTitle "CBM 141"]
[Source "ChessBase"]
[SourceDate "2011.03.17"]
[SourceVersion "1"]
[SourceVersionDate "2011.03.17"]
[SourceQuality "1"]

1. d4 {Müller,Karsten} Nf6 2. c4 e6 3. g3 Bb4+ 4. Bd2 Bxd2+ {Carlsen stays faithful to his game against Topalov, in which this line brought him a fine victory.} 5. Qxd2 d5 6. Bg2 Nbd7 7. Nf3 c6 8. O-O b6 9. Rc1 O-O (9... Bb7 10. Ne5 Nxe5 11. dxe5 Nd7 12. f4 O-O 13. cxd5 cxd5 14. Na3 a5 15. Nb5 Nc5 16. Rc2 f6 17. Qe3 fxe5 18. Qxe5 Rf5 19. Qd6 $1 $14 {1-0 Grischuk,A (2760)-Eljanov,P (2755)/Moscow 2010/CBM 139 (60)}) 10. cxd5 cxd5 11. Na3 Bb7 $146 12. Nb5 a6 13. Nd6 Qb8 (13... Ne4 14. Nxb7 Nxd2 (14... Qb8 $2 15. Qf4 $16) 15. Nxd8 Nxf3+ 16. Bxf3 Rfxd8 17. Rc7 Nf6 18. Rac1 $14) 14. Qb4 a5 15. Qa3 Ba6 16. Ne5 b5 17. Qxa5 $146 {Probably a miscalculation which turns the tables in Black's favour.} (17. Rc6 b4 18. Qe3 Bb7 19. Nxd7 Nxd7 20. Nxb7 Qxb7 21. Rac1 Rfc8 22. R6c2 Rxc2 23. Rxc2 Rc8 $11) ({RR} 17. Nexf7 Rxf7 18. Nxf7 Kxf7 19. Qxa5 b4 20. a3 b3 21. Qc3 Bxe2 22. Re1 Bc4 23. Bf1 Bxf1 24. Kxf1 Qb6 25. Rac1 Ra4 26. Red1 Rc4 27. Qd3 Qc6 28. Qe3 Ne4 29. f3 Nef6 30. Rxc4 dxc4 31. Rc1 Nd5 {Gibicar,D (2050)-Weidel,A (2157) Lauffen am Neckar 2011 0-1 (38)}) 17... Qxd6 18. Rc6 Qb8 19. Rxa6 Rxa6 20. Qxa6 Nxe5 21. dxe5 Qxe5 22. Qxb5 Rb8 23. Qd3 Rxb2 {Since White's 17th move the moves have been more or less forced.} 24. Qe3 {A good practical choice.} Qxe3 25. fxe3 Rxe2 26. a4 Rc2 27. a5 Rc7 28. a6 Ra7 29. Bf1 Kf8 30. Rb1 Ke7 31. Rb7+ Rxb7 32. axb7 Nd7 33. Kf2 Kd6 34. Bb5 Nb8 35. Be8 Ke7 36. Bb5 f6 37. Kf3 Kd6 38. Be8 Kc7 39. Bf7 Kxb7 40. Bxe6 Kc6 41. Bg8 h6 {Kramnik has managed to increases his chances in this ending where he is a pawn down.} 42. Kg4 $6 {But he goes astray now} (42. h4 Nd7 43. Kf4 Ne5 44. h5 {And it is more or less a fortress!}) 42... Nd7 43. Kf5 Ne5 44. h3 $6 {Müller,Karsten: 'In what follows Kramnik places both kingside pawns on light squares." "Kramnik stellt seine Bauern im folgenden ungünstig auf."} ({Müller,Karsten: By means of Mittels} 44. h4 $1 Kd6 45. h5 {Kramnik could have drawn relatively easily. konnte Kramnik recht leicht remisieren.}) 44... Kc5 45. g4 $6 {Pawns should not have been placed on white squares.} Kd6 $1 {A nice retreat!} 46. Bh7 Ke7 47. Bg8 g6+ 48. Kf4 Nf7 49. Bh7 g5+ {'!?' Müller,Karsten.} (49... Nh8 {Müller,Karsten} 50. Bg8 Kd6 51. h4 $11) 50. Kg3 ({Müller,Karsten: Unfortunately active defence with Unglücklicherweise ist aktive Verteidigung mittels} 50. Kf5 $4 {'is impossible due to' wegen} Nd6+ 51. Kg6 Nc4 $19 52. Kxh6 Nxe3 $19 {nicht spielbar.}) 50... Nd6 51. Bg8 Ne4+ {Just in time!} 52. Kg2 Kd6 {Müller,Karsten: 'Magnus starts his long march.'  Magnus schickt seinen König auf eine lange Reise.'} 53. Kf3 Kc5 54. Bh7 Nc3 55. Bd3 Kb4 $17 56. Ba6 Kb3 57. Bb7 {'?' Müller,Karsten: 'Now the king will reach d2 which seals White's fate.' 'Nun gelangt der König nach d2, was das weiße Schicksal besiegelt.'} (57. Bd3 {Müller,Karsten:} Kb2 58. Kf2 Kc1 59. Ke1 {was Kramnik's last chance to fight. It looks as if White can still defend. war Kramniks letzte Chance. Es sieht so aus, als könne sich Weiß noch halten.}) 57... Kc2 58. Ba6 (58. e4 $6 {Müller,Karsten} d4 $19) 58... Kd1 {Müller,Karsten: 'Magnus' mighty king.  In the duel knight against bishop the knight usually wants to have control. But even then it is often quite difficult to win. Magnus Carlsen had to use all his creativity to beat Kramnik. After looking at my original analysis, which starts at this point, Kramnik remarked: "I had made two childish blunders and was totally lost already."  Magnus mächtiger König Im Duell Springer gegen Läufer will die Springerpartei in aller Regel die Kontrolle erlangen. Doch selbst dann ist der Gewinn oft nicht leicht. So musste Magnus Carlsen all seine Kreativität und seinen König einsetzen, um sich durchzusetzen. Nachdem Kramnik meine ursprüngliche Analyse gesehen hatte, die im diesem Moment einsetzte, bemerkte er:"Ich hatte schon zwei riesige Böcke geschossen und war bereits völlig verloren".} 59. Bb7 {'?!' Müller,Karsten.} (59. Bc8 {(Müller,Karsten) was more tenacious as now no direct zugzwang can be forced. But Black will win in any case: war viel zäher, weil nun kein direkter Zugzwang hergestellt werden kann. Aber Schwarz kann dennoch gewinnen:} Kd2 60. Bb7 Kc1 {A triangulation to break this setup. Ein Dreicksmanöver, um diese Aufstellung zu durchbrechen.} 61. Bc8 Kd1 62. Bf5 (62. Ba6 Ke1 {Zugzwang} 63. Bd3 Kd2 64. Ba6 Nd1 65. e4 d4 $19) 62... Ke1 63. Be6 Kf1 64. Bg8 Kg1 65. Kg3 Ne4+ 66. Kf3 Kh2 67. Bxd5 Nc3 $1 {Black must win a tempo. Schwarz muss ein Tempo gewinnen.} ({After Denn nach} 67... Nd6 $2 68. h4 gxh4 69. Kf2) ({or after bzw nach} 67... Nc5 $2 68. Bc4 Kxh3 69. Bf1+ Kh4 70. Be2 h5 71. gxh5 Kxh5 {Black has good drawing chances. hat Schwarz gute Remischancen.}) 68. Bc4 Nb1 $3 {The point. The knight will either sacrifice itself on d2 or return with gain of time. Die Pointe. Der Springer wird sich entweder auf d2 opfern oder mit Tempo zurückkehren.} (68... Kxh3 $2 {is met by wird mit} 69. Bf1+ Kh4 70. Bd3 {beantwortet..}) 69. Ke2 Kxh3 70. Bd3 (70. Be6 Nc3+ 71. Kf3 Na4 72. Bc4 Kh4 73. Bf1 Nb6 74. Be2 Nd5 75. Bd1 Nc3 76. Bc2 Nb5 77. Ba4 Nd6 78. Bb3 f5 $19) 70... Nc3+ 71. Kf3 Kh4 72. Bf1 ({If White stays on the b1-h7 diagonal with Wenn Weiß mit} 72. Bc2 {(Knaak) then the following knight manovers win. Black's king also has to move from time to time to bring White in zugzwang: auf der Diagonale b1-h7 bleibt, dann gewinnt der folgende Springertanz, wobei der König sich immer mal wieder einschalten muss, um Zugzwänge herbeizuführen:} Nb5 73. Bf5 (73. Bh7 Nd6 74. Bg6 Nc4 $19) 73... Nd6 74. Be6 Kh3 75. Bb3 (75. Ba2 Nc8 76. Bc4 Ne7 77. Be6 Nc6 78. Ke4 Ne5 79. Kf5 Nxg4 80. Kg6 Kh4 81. e4 Ne3 $19) 75... Nb7 76. Bd1 Nc5 77. Be2 Kh4 78. Bb5 Nb3 79. Be2 Nd2+ 80. Kf2 Ne4+ 81. Kg2 Nc3 82. Bf3 Na2 83. Be2 Nc1 84. Bd1 Nd3 85. Kf3 Ne5+ $19) 72... Nb1 73. Bd3 Nd2+ 74. Ke2 Kxg4 75. Kxd2 Kh3 76. Be2 g4 77. Ke1 h5 78. Kf1 Kh2 $19) 59... Kd2 {'!!' Müller,Karsten: 'Magnus Carlsen puts Kramnik in zugzwang. Now his king will reach the white kingside pawns.'  'Magnus Carlsen bringt Kramnik in tödlichen Zugzwang. Nun wird der schwarze König seinen langen Marsch in Richtung des Bauern h3 fortsetzen können.'} 60. Bc6 (60. Ba6 $6 {(Müller,Karsten): is refuted by läuft in} Nd1 61. e4 d4 $19) 60... Ke1 61. Bb7 Kf1 62. Ba8 Kg1 63. Kg3 Ne4+ 64. Kf3 Nd2+ 65. Kg3 (65. Ke2 {Müller,Karsten} Nc4 66. Bxd5 Ne5 67. Be4 Kh2 68. Kf2 Kxh3 69. Bf5 Kh4 $19) 65... Nf1+ 66. Kf3 Nd2+ 67. Kg3 Nc4 68. Bxd5 Nxe3 69. Bb7 Nf1+ 70. Kf3 Kh2 71. Kf2 (71. h4 {Müller,Karsten} Kh3 72. hxg5 fxg5 73. Bc8 Nh2+ 74. Kf2 Nxg4+ 75. Kf3 h5 $19) 71... Nd2 72. Bg2 Nc4 73. Bf1 Ne5 74. Ke3 Kg1 75. Be2 (75. Ke2 {Müller,Karsten} Nd3 76. Kxd3 Kxf1 $19) 75... Kg2 76. Ke4 Kxh3 77. Kf5 Kh4 78. Bd1 Nc4 {'!' Müller,Karsten.} 79. Ke4 ({After Nach} 79. Kxf6 {Müller,Karsten} Ne3 80. Be2 Nxg4+ 81. Kg6 h5 82. Bd1 Ne3 83. Bxh5 Ng4 $19 {White is in zugzwang. A tragicomical picture. ist Weiß in tödlichem Zugzwang.}) 79... Nd6+ 80. Kd5 (80. Kf3 {Müller,Karsten} h5 81. gxh5 Kxh5 82. Kg3+ Kg6 $19) 80... f5 {'!' Müller,Karsten: : 'The final point. A very impressive endgame performance by Magnus Carlsen!'  'Die letzte Pointe. Ein von Magnus Carlsen sehr beeindruckend geführtes Endspiel!'} 81. Kxd6 {Müller,Karsten} fxg4 82. Ke5 g3 83. Bf3 Kh3 84. Kf5 g2 85. Bxg2+ Kxg2 $19 0-1

[Event "Tata Steel-A 73rd"]
[Site "Wijk aan Zee"]
[Date "2011.01.30"]
[Round "13"]
[White "Grischuk, Alexander"]
[Black "Carlsen, Magnus"]
[Result "1/2-1/2"]
[WhiteElo "2773"]
[BlackElo "2814"]
[PlyCount "37"]
[EventDate "2011.01.14"]
[EventType "tourn"]
[EventRounds "13"]
[EventCountry "NED"]
[EventCategory "20"]
[SourceTitle "CBM 141"]
[Source "ChessBase"]
[SourceDate "2011.03.17"]
[SourceVersion "1"]
[SourceVersionDate "2011.03.17"]
[SourceQuality "1"]

1. d4 d5 2. Nf3 Nc6 3. c4 Bg4 4. cxd5 Bxf3 5. gxf3 Qxd5 6. e3 e5 7. Nc3 Bb4 8. Bd2 Bxc3 9. bxc3 Nge7 10. c4 Qd6 11. d5 Nb8 12. Rb1 b6 13. Bb4 c5 14. dxc6 Qxc6 $146 ({RR} 14... Qxd1+ 15. Rxd1 Nexc6 16. Ba3 Nd7 17. Bh3 O-O-O 18. Ke2 g6 19. Rd5 f5 20. Rhd1 Rhe8 21. Bg2 Re6 22. Rd6 Rxd6 23. Rxd6 Kc7 24. f4 e4 25. f3 Na5 26. fxe4 Nxc4 27. Rd3 fxe4 28. Bxe4 Nf6 29. Be7 {Bruk,O (2451)-Porat,I (2431) Israel 2011 ½-½ (40)}) ({RR} 14... Qxd1+ 15. Rxd1 Nbxc6 16. Bd6 O-O-O 17. Rg1 g6 18. c5 Kb7 19. Bc4 Nf5 20. Bxf7 Nxd6 21. cxd6 Rhf8 22. Bd5 Rxd6 23. Rg5 Rf5 24. Rg4 b5 25. Rh4 h5 26. Be4 Rxd1+ 27. Kxd1 Rf6 28. Rh3 Kb6 29. Rg3 {Grinev,V (2360)-Vlasenko,M (2422) Kirov 2013 ½-½ (42)}) 15. Bd3 Qe6 16. c5 Nbc6 17. cxb6 Nxb4 18. Rxb4 axb6 19. Qb3 1/2-1/2